Central Library OPAC University of Rajshahi

Education od women and freedom movement / (Record no. 43229)

MARC details
000 -LEADER
fixed length control field 00624nam a2200217 a 4500
001 - CONTROL NUMBER
control field 43229
003 - CONTROL NUMBER IDENTIFIER
rucl marc code BD-RjUL
005 - DATE AND TIME OF LATEST TRANSACTION
control field 20211209053651.0
008 - FIXED-LENGTH DATA ELEMENTS--GENERAL INFORMATION
fixed length control field 160620b1996 ii ||||| |||| 00| 0 eng d
035 ## - SYSTEM CONTROL NUMBER
System control number (BD-RjUL)43347
040 ## - CATALOGING SOURCE
Original cataloging agency BD-RjUL
Language of cataloging eng
Transcribing agency BD-RjUL
041 ## - LANGUAGE CODE
Language code of text/sound track or separate title eng
082 ## - DEWEY DECIMAL CLASSIFICATION NUMBER
Edition number 23
Classification number 371.8254
Author mark and year EDU 1966
245 00 - TITLE STATEMENT
Title Education od women and freedom movement /
Statement of responsibility, etc. S. Ram. sharma
260 ## - PUBLICATION, DISTRIBUTION, ETC. (IMPRINT)
Place of publication, distribution, etc. Delhi :
Name of publisher, distributor, etc. Discoverry Publishing House,
Date of publication, distribution, etc. 1966
300 ## - PHYSICAL DESCRIPTION
Pagination [6], 202 p. ;
Size 21 cm.
490 ## - SERIES STATEMENT
Series statement Women and education
650 ## - SUBJECT ADDED ENTRY--TOPICAL TERM
Topical term or geographic name as entry element Women Education
9 (RLIN) 132722
Geographic subdivision India
700 ## - ADDED ENTRY--PERSONAL NAME
Personal name sharma, S. Ram.
942 ## - ADDED ENTRY ELEMENTS (KOHA)
Source of classification or shelving scheme Dewey Decimal Classification
Koha item type Books
Holdings
Lost status Source of classification or shelving scheme Damaged status Not for loan Collection code Permanent Location Current Location Shelving location Date acquired Source of acquisition Cost, normal purchase price Total Checkouts Full call number Date last seen Copy number Koha item type
  Dewey Decimal Classification     Non-fiction Central Library, University of Rajshahi Central Library, University of Rajshahi   20/07/2003 Ankur Prakasony, Dhaka 32.00   371.8254 EDU 1966 20/06/2016 C-2 Books
  Dewey Decimal Classification     Non-fiction Central Library, University of Rajshahi Central Library, University of Rajshahi   20/07/2003 Ankur Prakasony, Dhaka 32.00   371.8254 EDU 1966 20/06/2016 C-3 Books
  Dewey Decimal Classification     Non-fiction Central Library, University of Rajshahi Central Library, University of Rajshahi   20/07/2003 Ankur Prakasony, Dhaka 32.00   371.8254 EDU 1966 20/06/2016 C-4 Books
  Dewey Decimal Classification     Non-fiction Central Library, University of Rajshahi Central Library, University of Rajshahi   20/07/2003 Ankur Prakasony, Dhaka 32.00   371.8254 EDU 1966 20/06/2016 C-5 Books